|
|
|
|
| LEADER |
01164nam a22002657a 4500 |
| 001 |
AAL9638 |
| 003 |
BD-DhAAL |
| 005 |
20211025103917.0 |
| 008 |
180710m19692011B ||||| |||| 001 0bB d |
| 999 |
|
|
|c 39638
|d 39638
|
| 020 |
|
|
|a 9847015601904
|
| 040 |
|
|
|a BD-DhAAL
|c BD-DhAAL
|
| 082 |
|
|
|a 306
|
| 100 |
|
|
|a মওদুদ, আবদুল
|9 26832
|
| 245 |
|
|
|a মধ্যবিত্ত সমাজের বিকাশ :
|b সংস্কৃতির রূপান্তর /
|c আবদুল মওদুদ
|
| 260 |
|
|
|a ঢাকা :
|b মাওলা ব্রাদার্স,
|c ২০১১
|
| 300 |
|
|
|a ৩৭৬ পৃ. ;
|c ২২ সে.মি.
|
| 504 |
|
|
|a নির্ঘণ্ট ও গ্রন্থপঞ্জী অন্তর্ভুক্ত।
|
| 541 |
|
|
|e 9638
|
| 650 |
|
|
|a Culture
|9 26833
|
| 650 |
|
|
|a Civilization.
|9 26834
|
| 650 |
|
|
|a সংস্কৃতি
|9 26835
|
| 852 |
|
|
|a Savar Campus Library
|c General Shelf
|
| 942 |
|
|
|2 ddc
|c BK
|
| 952 |
|
|
|0 0
|1 0
|2 ddc
|4 0
|6 306_000000000000000_MOU
|7 0
|9 63658
|a SCL
|b SCL
|c GEN
|d 2018-07-10
|e Development Book Agency
|g 405.00
|l 1
|o 306 MOU
|p 3020009638
|r 2022-08-07
|s 2022-07-30
|t 1
|w 2018-07-10
|y BK
|